| 000 | 00836nam a22002177a 4500 | ||
|---|---|---|---|
| 999 |
_c13689 _d13689 |
||
| 003 | AR-CdUCM | ||
| 008 | 190416b ||||| |||| 00| 0 spa d | ||
| 040 |
_aMUNICIPALIDAD PROVINCIAL DEL CUSCO _cBIBLIOTECA MUNICIPAL DEL CUSCO |
||
| 082 |
_a344.31 / _bD93 / 1945 |
||
| 100 |
_aDoshay Lewis J. _932189 |
||
| 245 | _aEl niño delincuente sexual y su evolución ulterior / | ||
| 260 |
_aBuenos Aires, _bAmericalee, _c1945. |
||
| 300 |
_a233 páginas ; _c20 cm. |
||
| 505 | _aContenido : Introducción -- El mundo del delincuente sexual -- Influencias de la familia y del hogar -- Factores de la personalidad de los padres -- Factores dela comunidad ... | ||
| 650 |
_aNiño _922056 |
||
| 650 |
_aComunidad _940 |
||
| 650 |
_aSexualidad _99609 |
||
| 700 |
_aAlvarez, Josefina _932190 |
||
| 942 |
_2ddc _cLIBROS |
||
| 945 |
_arah _d16/04/2019 |
||